Jak se vdělávají budoucí lídři společnosti
LEAF ako iniciátor vzniku medzinárodnej strednej školy "boarding school" LEAF Academy pre talentovaných študentov od 14 do 19 rokov.
Salvato in:
| Autore principale: | |
|---|---|
| Altri autori: | , |
| Natura: | Capitolo di libro |
| Lingua: | ceco |
| Soggetti: | |
| Tags: |
Nessun Tag, puoi essere il primo ad aggiungerne!!
|
MARC
| LEADER | 00000naa a2200000 4500 | ||
|---|---|---|---|
| 001 | 0234683 | ||
| 005 | 20240502083625.4 | ||
| 041 | 0 | |a cze | |
| 044 | |a CZ | ||
| 245 | 1 | 0 | |a Jak se vdělávají budoucí lídři společnosti |c Denisa Beránková, Matej Sapák, Peter Reťkovský |
| 520 | |a LEAF ako iniciátor vzniku medzinárodnej strednej školy "boarding school" LEAF Academy pre talentovaných študentov od 14 do 19 rokov. | ||
| 610 | 2 | 0 | |a vzdelávanie |
| 610 | 2 | 0 | |a talenty |
| 610 | 2 | 0 | |a lídri |
| 100 | 1 | |a Beránková, Denisa | |
| 700 | 1 | |a Sapák, Matej | |
| 700 | 1 | |a Reťkovský, Peter | |